<?xml version="1.0" encoding="UTF-8"?>
<record
    xmlns:xsi="http://www.w3.org/2001/XMLSchema-instance"
    xsi:schemaLocation="http://www.loc.gov/MARC21/slim http://www.loc.gov/standards/marcxml/schema/MARC21slim.xsd"
    xmlns="http://www.loc.gov/MARC21/slim">

  <leader>00788nam a22002297a 4500</leader>
  <datafield tag="952" ind1=" " ind2=" ">
    <subfield code="a">0001</subfield>
    <subfield code="b">0001</subfield>
    <subfield code="d">2022-09-07</subfield>
    <subfield code="l">0</subfield>
    <subfield code="o">320.092 T64a 2008</subfield>
    <subfield code="p">020517</subfield>
    <subfield code="r">2022-09-07 00:00:00</subfield>
    <subfield code="w">2022-09-07</subfield>
    <subfield code="y">BKS</subfield>
  </datafield>
  <datafield tag="999" ind1=" " ind2=" ">
    <subfield code="c">14982</subfield>
    <subfield code="d">14982</subfield>
  </datafield>
  <controlfield tag="003">MIRAKIL</controlfield>
  <controlfield tag="005">20220907114824.0</controlfield>
  <controlfield tag="008">220907b        tu ||||| |||| 00| 0 tur d</controlfield>
  <datafield tag="020" ind1=" " ind2=" ">
    <subfield code="a">9789759918835</subfield>
  </datafield>
  <datafield tag="040" ind1=" " ind2=" ">
    <subfield code="a">TR-AnCHP</subfield>
    <subfield code="c">TR-AnCHP</subfield>
  </datafield>
  <datafield tag="041" ind1=" " ind2=" ">
    <subfield code="a">Tur</subfield>
  </datafield>
  <datafield tag="082" ind1=" " ind2=" ">
    <subfield code="a">320.092</subfield>
    <subfield code="b">T64a 2008</subfield>
  </datafield>
  <datafield tag="100" ind1=" " ind2=" ">
    <subfield code="a">Toker, &#xC7;i&#x11F;dem</subfield>
  </datafield>
  <datafield tag="245" ind1="1" ind2="0">
    <subfield code="a">Abd&#xFC;llatif &#x15E;ener : </subfield>
    <subfield code="b">"ad&#x131;mda benimle beraber b&#xFC;y&#xFC;d&#xFC;" / </subfield>
    <subfield code="c">&#xC7;i&#x11F;dem Toker.</subfield>
  </datafield>
  <datafield tag="246" ind1=" " ind2=" ">
    <subfield code="a">"ad&#x131;mda benimle beraber b&#xFC;y&#xFC;d&#xFC;"</subfield>
  </datafield>
  <datafield tag="260" ind1=" " ind2=" ">
    <subfield code="a">&#x130;stanbul : </subfield>
    <subfield code="b">Do&#x11F;an Egmont Yay&#x131;nc&#x131;l&#x131;k, </subfield>
    <subfield code="c">2008.</subfield>
  </datafield>
  <datafield tag="300" ind1=" " ind2=" ">
    <subfield code="a">495 s. : </subfield>
    <subfield code="b">fot&#x11F;. ; </subfield>
    <subfield code="c">23 sm.</subfield>
  </datafield>
  <datafield tag="600" ind1=" " ind2="0">
    <subfield code="9">7173</subfield>
    <subfield code="a">&#x15E;ener, Abd&#xFC;llatif</subfield>
    <subfield code="d">1954-</subfield>
    <subfield code="c">Milletvekili</subfield>
    <subfield code="x">ya&#x15F;am&#xF6;yk&#xFC;s&#xFC;</subfield>
  </datafield>
  <datafield tag="650" ind1=" " ind2="0">
    <subfield code="9">5055</subfield>
    <subfield code="a">Siyaset&#xE7;iler</subfield>
    <subfield code="x">Ya&#x15F;am&#xF6;yk&#xFC;s&#xFC;</subfield>
    <subfield code="z">T&#xFC;rkiye</subfield>
  </datafield>
  <datafield tag="740" ind1=" " ind2=" ">
    <subfield code="a">"ad&#x131;mda benimle beraber b&#xFC;y&#xFC;d&#xFC;"</subfield>
  </datafield>
  <datafield tag="942" ind1=" " ind2=" ">
    <subfield code="2">ddc</subfield>
    <subfield code="c">BKS</subfield>
  </datafield>
</record>
